[Event "XII C.to Italiano U20"]
[Site "Bratto - Castione della Presolana ITA"]
[Date "2004.08.25"]
[Round "6"]
[White "Perico', Alessandro"]
[Black "Buchicchio, Alessandro"]
[Result "1-0"]
[WhiteElo "1685"]
[BlackElo "1813"]
[PlyCount "78"]
[EventDate "2004.08.20"]

1. Nf3 Nf6 2. g3 g6 3. Bg2 Bg7 4. d3 d6 5. O-O O-O 6. Nc3 Nbd7 7. Ng5 h6 8.
Nge4 d5 9. Nxf6+ Nxf6 10. e4 dxe4 11. Nxe4 Kh7 12. f4 Qd4+ 13. Kh1 Rd8 14.
Nxf6+ Bxf6 15. Be4 Rb8 16. Qf3 b6 17. f5 g5 18. Qh5 Kg7 19. h4 Rh8 20. Kg2 Bb7
21. Re1 Bxe4+ 22. dxe4 gxh4 23. c3 Qd6 24. Bf4 Be5 25. f6+ exf6 26. Rad1 Qe6
27. Qxh4 Bxf4 28. Qxf4 Qxa2 29. Rd2 Rbd8 30. Rf2 Qe6 31. Qxc7 Qg4 32. e5 f5 33.
e6 Rdf8 34. e7 Re8 35. Rf4 Qg6 36. Qe5+ f6 37. Qe6 Qf7 38. Rxf5 Rhg8 39. Re4
Kh7 1-0

[Event "XII C.to Italiano U20"]
[Site "Bratto - Castione della Presolana ITA"]
[Date "2004.08.25"]
[Round "6"]
[White "Polilli, Andrea"]
[Black "Chinello, Gianmarco"]
[Result "1/2-1/2"]
[WhiteElo "1679"]
[BlackElo "2100"]
[PlyCount "82"]
[EventDate "2004.08.20"]

1. e4 e5 2. Nf3 Nc6 3. Bc4 Bc5 4. b4 Bxb4 5. c3 Ba5 6. d4 d6 7. dxe5 dxe5 8.
Qxd8+ Nxd8 9. Nxe5 Be6 10. Bb3 Nf6 11. f3 Bb6 12. Ba3 Nd7 13. Nd3 c5 14. Ba4
Rc8 15. Ne5 f6 16. Nxd7 Bxd7 17. Bxd7+ Kxd7 18. O-O Ne6 19. Rd1+ Ke7 20. Nd2
Ba5 21. Rab1 b6 22. c4 Rhd8 23. Nb3 Bc3 24. g3 g5 25. Rbc1 Be5 26. Rd5 Nd4 27.
Nxd4 Bxd4+ 28. Kg2 Ke6 29. Rd1 Rxd5 30. exd5+ Kf7 31. Re1 Re8 32. Rxe8 Kxe8 33.
Bc1 b5 34. cxb5 Kd7 35. f4 h6 36. Kf3 Kd6 37. Ke4 Bg1 38. h4 gxh4 39. gxh4 h5
40. Bb2 Ke7 41. Kf5 Kd6 1/2-1/2

[Event "XII C.to Italiano U20"]
[Site "Bratto - Castione della Presolana ITA"]
[Date "2004.08.25"]
[Round "6"]
[White "Procacci, Sergio"]
[Black "Cacciola, Alfredo"]
[Result "0-1"]
[WhiteElo "1756"]
[BlackElo "2052"]
[PlyCount "116"]
[EventDate "2004.08.20"]

1. e4 c5 2. Nc3 Nc6 3. g3 g6 4. Bg2 Bg7 5. d3 d6 6. f4 e5 7. fxe5 dxe5 8. Nf3
Nge7 9. Be3 Nd4 10. Qd2 O-O 11. Ne2 Nec6 12. Nexd4 Nxd4 13. c3 Nxf3+ 14. Bxf3
Qe7 15. Bh6 Re8 16. Bxg7 Kxg7 17. O-O-O Be6 18. Kb1 a5 19. g4 b5 20. h4 a4 21.
g5 a3 22. b3 Reb8 23. h5 Kg8 24. Qh2 Qc7 25. d4 cxd4 26. cxd4 Rb7 27. Rc1 Qd6
28. d5 Bd7 29. hxg6 Qxg6 30. Qh6 Rb6 31. Rh4 Rc8 32. Rxc8+ Bxc8 33. Bh5 Qxh6
34. gxh6 Kf8 35. Be2 Bd7 36. b4 Rg6 37. Rh2 f5 38. Bd3 f4 39. Kc2 Rg3 40. Be2
Kf7 41. Kd1 Kf6 42. Rf2 Kg5 43. Rf3 Kxh6 44. Ke1 Kg5 45. Kf2 Kh4 46. Bf1 h5 47.
Bg2 Bg4 48. Rxg3 fxg3+ 49. Kg1 Kg5 50. Bf1 Bd7 51. Be2 h4 52. Kg2 Kf4 53. Bh5
h3+ 54. Kg1 Kxe4 55. Bf7 Bg4 56. Bg6+ Kxd5 57. Bf7+ Kd4 58. Be8 Bf3 0-1

[Event "XII C.to Italiano U20"]
[Site "Bratto - Castione della Presolana ITA"]
[Date "2004.08.25"]
[Round "6"]
[White "Reginato, Mauro"]
[Black "Mandolini, Riccardo"]
[Result "1-0"]
[WhiteElo "1574"]
[BlackElo "1799"]
[PlyCount "51"]
[EventDate "2004.08.20"]

1. e4 c5 2. Nf3 Nc6 3. d4 cxd4 4. Nxd4 d6 5. Be3 Nf6 6. Nc3 g6 7. f3 Bg7 8. Be2
O-O 9. Qd2 Bd7 10. Nxc6 Bxc6 11. O-O Qa5 12. Rab1 a6 13. b4 Qc7 14. Rfc1 d5 15.
Nxd5 Bxd5 16. exd5 Rfd8 17. c4 e6 18. Bf4 Qd7 19. d6 Qc6 20. c5 b5 21. Bd3 Rab8
22. Bg5 Qd5 23. Bxf6 Bxf6 24. Qe2 Bd4+ 25. Kh1 f5 26. a4 1-0

[Event "XII C.to Italiano U20"]
[Site "Bratto - Castione della Presolana ITA"]
[Date "2004.08.25"]
[Round "6"]
[White "Rombaldoni, Brian"]
[Black "Angelini, Marco"]
[Result "1/2-1/2"]
[WhiteElo "1452"]
[BlackElo "1682"]
[PlyCount "55"]
[EventDate "2004.08.20"]

1. d4 d5 2. Nf3 Nf6 3. e3 Bf5 4. Bd3 Bxd3 5. Qxd3 e6 6. O-O Nbd7 7. b3 Bd6 8.
Bb2 O-O 9. Nbd2 Re8 10. Ne5 c5 11. Qe2 Qc7 12. Ndf3 Ne4 13. Qb5 Nf8 14. dxc5
Nxc5 15. Qe2 f6 16. Nd3 e5 17. Nxc5 Bxc5 18. e4 d4 19. c3 dxc3 20. Qc4+ Kh8 21.
Qxc3 Rac8 22. Rac1 Qb6 23. Qd2 Red8 24. Qe2 Ne6 25. g3 Rc7 26. Rc4 Rdc8 27.
Rfc1 Rc6 28. Qc2 1/2-1/2

[Event "XII C.to Italiano U20"]
[Site "Bratto - Castione della Presolana ITA"]
[Date "2004.08.25"]
[Round "6"]
[White "Santacroce, Fidel"]
[Black "Pomaro, Alberto"]
[Result "0-1"]
[WhiteElo "1661"]
[BlackElo "1727"]
[PlyCount "74"]
[EventDate "2004.08.20"]

1. e4 c5 2. Nf3 d6 3. d4 cxd4 4. Nxd4 Nf6 5. Nc3 g6 6. Be2 Bg7 7. O-O O-O 8.
Be3 Nc6 9. Kh1 Bd7 10. a4 a6 11. f4 Rc8 12. f5 Ne5 13. fxg6 hxg6 14. h3 Kh7 15.
Rf4 Rh8 16. a5 Kg8 17. Qd2 g5 18. Rff1 g4 19. Nf5 Bxf5 20. exf5 gxh3 21. Bf4
Neg4 22. Ra4 b5 23. axb6 Qxb6 24. Rxa6 Nf2+ 25. Kh2 Qb7 26. gxh3 Rxh3+ 27. Kg1
Rcxc3 28. bxc3 Rh1+ 29. Kxf2 Ne4+ 30. Ke3 Rh3+ 31. Rf3 Nxd2 32. Rxh3 Bxc3 33.
Rg3+ Kf8 34. Bh6+ Ke8 35. Rg8+ Kd7 36. Ra3 Qb6+ 37. Kd3 Qd4# 0-1

[Event "XII C.to Italiano U20"]
[Site "Bratto - Castione della Presolana ITA"]
[Date "2004.08.25"]
[Round "6"]
[White "Vocaturo, Daniele"]
[Black "Tomba, Ivan"]
[Result "0-1"]
[WhiteElo "2221"]
[BlackElo "2292"]
[PlyCount "102"]
[EventDate "2004.08.20"]

1. e4 c5 2. Nf3 d6 3. d4 cxd4 4. Nxd4 e6 5. c4 Nf6 6. Nc3 a6 7. Bd3 Nbd7 8. O-O
Qc7 9. b3 b6 10. Bb2 Bb7 11. Qe2 Be7 12. f4 O-O 13. Kh1 Rfe8 14. Rae1 e5 15.
Nf5 Bf8 16. Qf2 g6 17. Ng3 Bg7 18. f5 Rf8 19. b4 a5 20. a3 Ba6 21. Rc1 Bh6 22.
Rc2 Qd8 23. Bc1 Bxc1 24. Rfxc1 Ng4 25. Qf3 Qg5 26. Nd5 Bb7 27. Be2 h5 28. h3
Ngf6 29. Bd3 axb4 30. axb4 Ra4 31. Rf1 Bxd5 32. exd5 Rxb4 33. Rcf2 Kg7 34. fxg6
fxg6 35. Ne4 Nxe4 36. Qxe4 Rxf2 37. Rxf2 Nf6 38. Qe1 Rb3 39. Qd1 Rc3 40. Rc2
Ra3 41. Rf2 Qh4 42. Rd2 Qg3 43. Qf1 h4 44. Rf2 Qg5 45. Qb1 Nh5 46. Bc2 Qg3 47.
Rd2 Re3 48. Rd1 Re2 49. Be4 Qf2 50. Bf3 Ng3+ 51. Kh2 Qxf3 0-1

[Event "XII C.to Italiano U20"]
[Site "Bratto - Castione della Presolana ITA"]
[Date "2004.08.26"]
[Round "7"]
[White "Angelini, Marco"]
[Black "Adami, Roberto"]
[Result "0-1"]
[WhiteElo "1682"]
[BlackElo "1652"]
[PlyCount "154"]
[EventDate "2004.08.20"]

1. e4 c5 2. Nf3 d6 3. d4 cxd4 4. Nxd4 Nf6 5. Nc3 e6 6. Bg5 Be7 7. f4 a6 8. Qf3
Qc7 9. g4 Nc6 10. O-O-O Bd7 11. Nde2 b5 12. Bxf6 Bxf6 13. g5 Be7 14. Ng3 Rc8
15. Rd2 b4 16. Nce2 a5 17. Kb1 a4 18. Bg2 Qa5 19. Rhd1 Ra8 20. Qe3 O-O 21. Rf1
Rfb8 22. Rfd1 b3 23. a3 bxc2+ 24. Rxc2 Rb3 25. Qd2 Qb6 26. Ka1 Na5 27. Nc1 Rb8
28. Bf1 Rxa3+ 29. Kb1 Nb3 30. Nxb3 Rxb3 31. Re1 a3 32. Re2 a2+ 33. Ka1 d5 34.
exd5 Bb4 35. Qc1 exd5 36. Rg2 Re3 37. Rge2 Rxe2 38. Bxe2 g6 39. Bd3 d4 40. Be2
Re8 41. Rc7 d3 42. Bd1 Bb5 43. Rc8 Qe6 44. Rxe8+ Qxe8 45. Qc7 d2 46. Qc2 Bd7
47. Ne4 Kg7 48. Nf6 Qe7 49. Nxd7 Qxd7 50. Kxa2 Qd4 51. f5 Qd5+ 52. Kb1 gxf5 53.
Qb3 Qxb3 54. Bxb3 f4 55. Bd1 Kg6 56. Kc2 Kxg5 57. Kd3 Kf5 58. h4 f3 59. Bxf3
Kf4 60. Bd1 Kg3 61. h5 f5 62. Ke2 f4 63. Kf1 f3 64. Bc2 Bc5 65. Bd1 Kf4 66. Bc2
Bd4 67. b3 Ke3 68. Bd1 Kd3 69. Bxf3 Kc2 70. Kg2 d1=Q 71. Bxd1+ Kxd1 72. Kf3 Kc2
73. b4 Kc3 74. Ke4 h6 75. Kd5 Bg1 76. b5 Kb4 77. Kc6 Ka5 0-1

[Event "XII C.to Italiano U20"]
[Site "Bratto - Castione della Presolana ITA"]
[Date "2004.08.26"]
[Round "7"]
[White "Battaglia, Edoardo"]
[Black "Damia, Angelo"]
[Result "0-1"]
[WhiteElo "1877"]
[BlackElo "2129"]
[PlyCount "84"]
[EventDate "2004.08.20"]

1. e4 c5 2. Nc3 Nc6 3. g3 g6 4. Bg2 Bg7 5. d3 d6 6. Be3 Nf6 7. h3 h5 8. Qd2 Bd7
9. Nge2 a6 10. f4 Qc7 11. Rb1 e6 12. d4 cxd4 13. Nxd4 d5 14. exd5 exd5 15. Nxd5
Nxd5 16. Bxd5 Nxd4 17. Bxd4 Bxd4 18. Qxd4 O-O 19. c3 Rfe8+ 20. Kf2 Rad8 21. c4
Be6 22. Rbd1 Qa5 23. a3 Bxd5 24. cxd5 Qb5 25. Rd2 Re7 26. Qd3 Qc5+ 27. Qd4 Rxd5
28. Qxc5 Rxc5 29. Rhd1 Rec7 30. Rd7 Rxd7 31. Rxd7 Rc2+ 32. Kf3 Rxb2 33. Rd3 Kf8
34. Ke4 Ke7 35. Ke3 Rh2 36. h4 Rc2 37. Kf3 f5 38. Ke3 Rc6 39. Rb3 b5 40. Kd4
Kd6 41. Rb4 Rc1 42. Kd3 Rg1 0-1

[Event "XII C.to Italiano U20"]
[Site "Bratto - Castione della Presolana ITA"]
[Date "2004.08.26"]
[Round "7"]
[White "Bevilacqua, Andrea"]
[Black "Buono, Valerio"]
[Result "1-0"]
[WhiteElo "1736"]
[BlackElo "1978"]
[PlyCount "117"]
[EventDate "2004.08.20"]

1. f4 d5 2. Nf3 Nf6 3. d3 Bg4 4. e3 Nc6 5. h3 Bd7 6. g4 h6 7. Bg2 e6 8. O-O Nh7
9. Nc3 Bd6 10. e4 dxe4 11. dxe4 Qe7 12. Be3 Bc5 13. Qe2 O-O-O 14. Qf2 Bxe3 15.
Qxe3 Qb4 16. a4 Qb6 17. Qxb6 axb6 18. Nb5 Nf6 19. Nfd4 Nxd4 20. Nxd4 c5 21. Nb5
Bxb5 22. axb5 Kc7 23. g5 Nd7 24. gxh6 Rxh6 25. e5 Rhh8 26. Ra7 Rb8 27. Rd1 Rhd8
28. Rd6 Kc8 29. Bc6 Kc7 30. Bg2 Kc8 31. h4 Re8 32. Bxb7+ Rxb7 33. Rxb7 Kxb7 34.
Rxd7+ Kc8 35. Rxf7 Rh8 36. Rxg7 Rxh4 37. Rf7 Rg4+ 38. Kf2 Rh4 39. Ke3 Rh2 40.
c4 Rxb2 41. Re7 Rb4 42. Kd3 Rb3+ 43. Ke4 Rb4 44. Rxe6 Rxc4+ 45. Kd5 Rxf4 46.
Rxb6 Rf1 47. Rc6+ Kd7 48. Kxc5 Rc1+ 49. Kb6 Rb1 50. Rd6+ Kc8 51. e6 Re1 52. Ka7
Kc7 53. Rc6+ Kd8 54. b6 Ra1+ 55. Kb8 Ra6 56. Rd6+ Ke7 57. Kc7 Ra2 58. b7 Ra7
59. Rb6 1-0

[Event "XII C.to Italiano U20"]
[Site "Bratto - Castione della Presolana ITA"]
[Date "2004.08.26"]
[Round "7"]
[White "Boscolo, Marco"]
[Black "Pomaro, Alberto"]
[Result "1-0"]
[WhiteElo "1898"]
[BlackElo "1727"]
[PlyCount "75"]
[EventDate "2004.08.20"]

1. e4 c5 2. Nf3 d6 3. d4 cxd4 4. Nxd4 Nf6 5. Nc3 g6 6. Be3 Bg7 7. f3 Nc6 8. Qd2
O-O 9. Bc4 Bd7 10. h4 h5 11. O-O-O Rc8 12. Bb3 a6 13. Kb1 b5 14. Nxc6 Rxc6 15.
Ne2 Qb8 16. Bh6 Kh7 17. Bxg7 Kxg7 18. Nf4 b4 19. Ba4 Rc7 20. Bxd7 Rxd7 21. Nd5
Nxd5 22. exd5 Qb6 23. g4 Rh8 24. f4 hxg4 25. f5 Rh5 26. fxg6 fxg6 27. Qg2 Rd8
28. Qxg4 Rf8 29. Rhg1 Rh6 30. Qe6 Qc7 31. Rde1 Rf7 32. Qe4 a5 33. h5 Rf6 34.
hxg6 Rhxg6 35. Rh1 Rg5 36. Rh7+ Kf8 37. Rxe7 Re5 38. Qxe5 1-0

[Event "XII C.to Italiano U20"]
[Site "Bratto - Castione della Presolana ITA"]
[Date "2004.08.26"]
[Round "7"]
[White "Brunello, Sabino"]
[Black "Vocaturo, Daniele"]
[Result "1-0"]
[WhiteElo "2193"]
[BlackElo "2221"]
[PlyCount "93"]
[EventDate "2004.08.20"]

1. e4 c5 2. Nf3 Nc6 3. d4 cxd4 4. Nxd4 g6 5. c4 Nf6 6. Nc3 d6 7. Be2 Bg7 8. Be3
O-O 9. O-O Nxd4 10. Bxd4 Bd7 11. Qd3 Bc6 12. b4 b6 13. Rfd1 Rc8 14. Rac1 Bb7
15. Nd5 Bxd5 16. exd5 Qd7 17. a4 Qxa4 18. b5 Nh5 19. Ra1 Qb4 20. Rab1 Qa4 21.
Ra1 Qb4 22. Rdb1 Nf4 23. Rxb4 Nxd3 24. Bxg7 Nxb4 25. Bxf8 Kxf8 26. Rxa7 Nc2 27.
Rb7 Na3 28. Rxb6 Nxc4 29. Rc6 Rxc6 30. bxc6 Nb6 31. c7 e6 32. dxe6 fxe6 33. Ba6
Ke7 34. c8=Q Nxc8 35. Bxc8 Kf6 36. Kf1 e5 37. Ke2 e4 38. f3 Ke5 39. fxe4 Kxe4
40. Be6 g5 41. Bg4 Kf4 42. h3 Kg3 43. Bf3 h5 44. Ke3 Kh4 45. Kf2 g4 46. hxg4
hxg4 47. Bc6 1-0

[Event "XII C.to Italiano U20"]
[Site "Bratto - Castione della Presolana ITA"]
[Date "2004.08.26"]
[Round "7"]
[White "Buchicchio, Alessandro"]
[Black "Ferrarese, Giacomo"]
[Result "1-0"]
[WhiteElo "1813"]
[BlackElo "1688"]
[PlyCount "99"]
[EventDate "2004.08.20"]

1. d4 f5 2. Nf3 Nf6 3. c4 g6 4. Bd2 Bg7 5. Qc1 d6 6. Bh6 O-O 7. h4 Nbd7 8. Bxg7
Kxg7 9. Ng5 Nb6 10. e3 h6 11. Nf3 c6 12. Nc3 Be6 13. b3 Qc7 14. Bd3 a5 15. O-O
a4 16. c5 dxc5 17. dxc5 Nbd5 18. Nxa4 Nb4 19. Nd4 Bd5 20. Bc4 Ng4 21. g3 Kf7
22. Qc3 Bxc4 23. Qxc4+ Nd5 24. Nb6 Ngxe3 25. Nxa8 Rxa8 26. Qe2 Nxf1 27. Qe6+
Kg7 28. Qxd5 cxd5 29. Ne6+ Kf7 30. Nxc7 Rc8 31. Nxd5 Rxc5 32. Rd1 e6 33. Nb4
Rb5 34. a3 Nxg3 35. fxg3 e5 36. Rd5 Rxd5 37. Nxd5 Ke6 38. Nc3 Kd6 39. Kf2 Kc5
40. Ke3 b5 41. Kd3 b4 42. axb4+ Kxb4 43. Nd5+ Kxb3 44. Ne7 g5 45. Nxf5 gxh4 46.
gxh4 Kb4 47. Nxh6 Kc5 48. Ke4 Kd6 49. Kf5 Kd5 50. Ng4 1-0

[Event "XII C.to Italiano U20"]
[Site "Bratto - Castione della Presolana ITA"]
[Date "2004.08.26"]
[Round "7"]
[White "Buchicchio, Roberto"]
[Black "Oblak, Mitja"]
[Result "1/2-1/2"]
[WhiteElo "1832"]
[BlackElo "1556"]
[PlyCount "56"]
[EventDate "2004.08.20"]

1. e4 c5 2. f4 d6 3. Nf3 Nc6 4. Bb5 a6 5. Bxc6+ bxc6 6. O-O g6 7. c3 Bg7 8. d4
cxd4 9. cxd4 Qb6 10. Kh1 e6 11. e5 dxe5 12. dxe5 Bb7 13. Nc3 Rd8 14. Qe2 Ne7
15. Be3 Qc7 16. Qf2 Nd5 17. Nxd5 Rxd5 18. Bc5 Bf8 19. Bxf8 Kxf8 20. Rfd1 Kg7
21. Rxd5 cxd5 22. Qh4 Qd8 23. Qxd8 Rxd8 24. Rc1 Rc8 25. Rxc8 Bxc8 26. g4 f6 27.
g5 fxe5 28. fxe5 h6 1/2-1/2

[Event "XII C.to Italiano U20"]
[Site "Bratto - Castione della Presolana ITA"]
[Date "2004.08.26"]
[Round "7"]
[White "Buono, Michele"]
[Black "Bove, Alessandro"]
[Result "1-0"]
[WhiteElo "2098"]
[BlackElo "2175"]
[PlyCount "69"]
[EventDate "2004.08.20"]

1. e4 g6 2. Nc3 Bg7 3. f4 d6 4. Nf3 Nf6 5. Be2 O-O 6. O-O c5 7. Kh1 Nc6 8. d3
a6 9. Re1 b5 10. a3 Rb8 11. Rb1 a5 12. Nd5 Nd7 13. Bd2 e6 14. Ne3 Nb6 15. Bf1
d5 16. e5 a4 17. Ng4 b4 18. d4 bxa3 19. bxa3 c4 20. Bc3 Bd7 21. Rb2 Qe7 22. Qa1
Rb7 23. Reb1 Rfb8 24. Nd2 h5 25. Ne3 Bf8 26. Nexc4 dxc4 27. Nxc4 Qd8 28. Na5
Ra7 29. Nc4 Nxc4 30. Bxc4 Rxb2 31. Qxb2 Be8 32. Rd1 Qh4 33. Qc1 Ne7 34. Be1 Qg4
35. h3 1-0

[Event "XII C.to Italiano U20"]
[Site "Bratto - Castione della Presolana ITA"]
[Date "2004.08.26"]
[Round "7"]
[White "Cacciola, Alfredo"]
[Black "Reginato, Mauro"]
[Result "1-0"]
[WhiteElo "2052"]
[BlackElo "1574"]
[PlyCount "39"]
[EventDate "2004.08.20"]

1. e4 e5 2. Nf3 Nc6 3. Bb5 d6 4. d4 Bd7 5. Nc3 Nf6 6. b3 Be7 7. Bb2 O-O 8. dxe5
Nxe5 9. Bxd7 Nfxd7 10. Nd5 Re8 11. O-O c6 12. Nxe7+ Qxe7 13. Nd4 g6 14. f4 c5
15. Nb5 Nc6 16. Nc7 Rac8 17. Nxe8 Rxe8 18. Re1 h5 19. Qd2 Kh7 20. Rad1 1-0

[Event "XII C.to Italiano U20"]
[Site "Bratto - Castione della Presolana ITA"]
[Date "2004.08.26"]
[Round "7"]
[White "Cappai, Davide"]
[Black "Ferrante, Marco"]
[Result "1-0"]
[WhiteElo "2132"]
[BlackElo "2074"]
[PlyCount "81"]
[EventDate "2004.08.20"]

1. e4 e6 2. d4 d5 3. Nc3 Bb4 4. e5 c5 5. a3 Bxc3+ 6. bxc3 Qc7 7. Nf3 Bd7 8. a4
Qa5 9. Bd2 c4 10. Qb1 Nc6 11. Be2 Nge7 12. O-O h6 13. g3 O-O-O 14. Qb2 Kb8 15.
Rfb1 Bc8 16. Qa3 Ka8 17. Rb5 Qc7 18. a5 Ng6 19. Ne1 Bd7 20. Rab1 Bc8 21. Ng2
Qe7 22. Qa2 Qd7 23. Ne3 a6 24. Rb6 Na7 25. Bf3 Qc7 26. R1b4 Nc6 27. Rb2 Na7 28.
R2b4 Nc6 29. Rb1 Na7 30. Bc1 Nb5 31. Bd2 Nf8 32. Nxc4 Nd7 33. R6xb5 axb5 34.
Nd6 Kb8 35. Rxb5 Nf6 36. exf6 Rxd6 37. Bf4 g5 38. Be5 Bd7 39. Rb6 Bc6 40. Qa3
Rhd8 41. Qc5 1-0

[Event "XII C.to Italiano U20"]
[Site "Bratto - Castione della Presolana ITA"]
[Date "2004.08.26"]
[Round "7"]
[White "Castellano, Fabio Marco"]
[Black "Pace, Pietro Dario"]
[Result "1/2-1/2"]
[WhiteElo "1946"]
[BlackElo "2133"]
[PlyCount "123"]
[EventDate "2004.08.20"]

1. e4 e5 2. Nf3 Nc6 3. d4 exd4 4. Nxd4 Bb4+ 5. c3 Be7 6. Be2 d6 7. Nd2 Nf6 8.
O-O O-O 9. f4 Re8 10. Bf3 Bd7 11. Re1 Bf8 12. Nf1 Qc8 13. h3 h6 14. Qe2 Ne7 15.
e5 dxe5 16. fxe5 Nh7 17. Be4 Ng5 18. Bxg5 hxg5 19. e6 fxe6 20. Nf3 Bc6 21. Bh7+
Kh8 22. Nxg5 Nf5 23. Bg6 Bc5+ 24. Kh1 Qd7 25. Nf7+ Kg8 26. Ne5 Qd6 27. Nxc6
Qxc6 28. Bxe8 Rxe8 29. Qe4 Qb5 30. Qe2 Qb6 31. Red1 Qc6 32. Qf3 Qb5 33. b4 Bd6
34. a4 Qc4 35. Kg1 Rf8 36. Ne3 Qxc3 37. Nxf5 Qxf3 38. gxf3 Rxf5 39. Kg2 Bxb4
40. Rab1 a5 41. Rd7 Rc5 42. Kf2 b6 43. Ke3 Rc4 44. Kd3 Rc3+ 45. Ke4 Bc5 46.
Rxc7 Rc4+ 47. Ke5 Rxa4 48. Kxe6 Rf4 49. Rf1 a4 50. Ra1 Bf8 51. Ke5 Rh4 52. Ra7
b5 53. f4 Rxh3 54. Rb1 Rb3 55. Rxb3 axb3 56. Ra1 Be7 57. Rb1 Bf6+ 58. Ke4 b2
59. Kd3 Kf7 60. f5 Ke7 61. Re1+ Kd6 62. Kc2 1/2-1/2

[Event "XII C.to Italiano U20"]
[Site "Bratto - Castione della Presolana ITA"]
[Date "2004.08.26"]
[Round "7"]
[White "Chinello, Gianmarco"]
[Black "Perico', Alessandro"]
[Result "1-0"]
[WhiteElo "2100"]
[BlackElo "1685"]
[PlyCount "79"]
[EventDate "2004.08.20"]

1. e4 e6 2. d3 d5 3. Nd2 Nd7 4. Ngf3 b6 5. exd5 exd5 6. Be2 c5 7. d4 Ngf6 8.
O-O Be7 9. Re1 O-O 10. Bb5 Bb7 11. Ne5 Nxe5 12. dxe5 Ne4 13. Nxe4 dxe4 14. Qg4
Kh8 15. Bf4 f5 16. exf6 Rxf6 17. Rad1 Qf8 18. Be5 Rg6 19. Qf4 e3 20. g3 exf2+
21. Qxf2 Bf6 22. Rd7 Bc8 23. Rd3 Bg4 24. Rde3 Bxe5 25. Qxf8+ Rxf8 26. Rxe5 Rgf6
27. Re8 g6 28. Bc4 Bd7 29. R8e7 Bh3 30. Rxa7 Rf2 31. Bd3 c4 32. Bxc4 Rxc2 33.
b3 Rg2+ 34. Kh1 Rgf2 35. a4 Bg2+ 36. Kg1 Bc6 37. Bf1 Rb2 38. Ree7 Rf3 39. Rxh7+
Kg8 40. Bc4+ 1-0

[Event "XII C.to Italiano U20"]
[Site "Bratto - Castione della Presolana ITA"]
[Date "2004.08.26"]
[Round "7"]
[White "Covolan, Stefano"]
[Black "Laurenti, Stefano"]
[Result "0-1"]
[WhiteElo "1586"]
[BlackElo "1823"]
[PlyCount "54"]
[EventDate "2004.08.20"]

1. e4 e5 2. Nf3 Nc6 3. d4 exd4 4. Bc4 Nf6 5. O-O Nxe4 6. Re1 d5 7. Bxd5 Qxd5 8.
Nc3 Qa5 9. Nxe4 Be6 10. Bf4 O-O-O 11. Neg5 Bb4 12. Nxe6 fxe6 13. Rxe6 Qf5 14.
Rxc6 bxc6 15. Be5 Rhf8 16. Bxg7 Rf7 17. Be5 Rg8 18. Bg3 h5 19. Nxd4 Qf6 20.
Qxh5 Rxg3 21. hxg3 Qxf2+ 22. Kh2 Bd6 23. Qg4+ Kb7 24. Nf3 Rh7+ 25. Nh4 Bxg3+
26. Qxg3 Rxh4+ 27. Qxh4 Qxh4+ 0-1

[Event "XII C.to Italiano U20"]
[Site "Bratto - Castione della Presolana ITA"]
[Date "2004.08.26"]
[Round "7"]
[White "Di Caro, Calogero"]
[Black "Braschi, Giancarlo"]
[Result "1-0"]
[WhiteElo "2322"]
[BlackElo "2196"]
[PlyCount "77"]
[EventDate "2004.08.20"]

1. Nf3 c5 2. c4 Nc6 3. d4 cxd4 4. Nxd4 g6 5. e4 Bg7 6. Be3 Nf6 7. Nc3 d6 8. Be2
O-O 9. O-O Nxd4 10. Bxd4 Bd7 11. Qd3 a6 12. Qe3 e5 13. Bb6 Qe7 14. Rfd1 Rae8
15. b4 d5 16. Nxd5 Nxd5 17. Rxd5 Be6 18. Bc5 Qh4 19. g3 Qh3 20. Bxf8 Bxf8 21.
c5 f5 22. Bc4 Kh8 23. exf5 Bxd5 24. Bxd5 Qxf5 25. Bxb7 Rb8 26. Be4 Qe6 27. a3
a5 28. Qc3 Rc8 29. Rd1 axb4 30. axb4 Qg4 31. Qxe5+ Bg7 32. Qd5 Qe2 33. Bf3 Qb2
34. Qd7 Rf8 35. Qg4 Qb3 36. Kg2 Bc3 37. c6 Qxb4 38. c7 Qc5 39. Rd8 1-0

[Event "XII C.to Italiano U20"]
[Site "Bratto - Castione della Presolana ITA"]
[Date "2004.08.26"]
[Round "7"]
[White "Finocchiaro, Gianluca"]
[Black "Pagan, Nicolo'"]
[Result "0-1"]
[WhiteElo "1505"]
[BlackElo "1709"]
[PlyCount "59"]
[EventDate "2004.08.20"]

1. d4 Nf6 2. c4 e6 3. a3 b6 4. Nc3 Bb7 5. Nf3 d5 6. e3 Nbd7 7. Bd3 Be7 8. Qc2
dxc4 9. Bxc4 c5 10. Bd3 O-O 11. e4 cxd4 12. Nxd4 Nc5 13. e5 Qxd4 14. exf6 Nxd3+
15. Kf1 Bxf6 16. Be3 Qc4 17. Kg1 Qg4 18. f3 Bxf3 19. h3 Qg6 20. Rf1 Bb7 21. Rh2
Be5 22. Rh1 Rac8 23. Rd1 Rfd8 24. Qe2 Nxb2 25. Rxd8+ Rxd8 26. Bd2 Nd3 27. Nd1
Nf4 28. Bxf4 Bxf4 29. Rh2 Bxh2+ 30. Kxh2 0-1

[Event "XII C.to Italiano U20"]
[Site "Bratto - Castione della Presolana ITA"]
[Date "2004.08.26"]
[Round "7"]
[White "Frilli, Guido"]
[Black "Valsecchi, Alessio"]
[Result "1-0"]
[WhiteElo "2131"]
[BlackElo "1739"]
[PlyCount "50"]
[EventDate "2004.08.20"]

1. e4 c5 2. Nc3 d6 3. g3 g6 4. Bg2 Bg7 5. d3 Nc6 6. Be3 Nf6 7. h3 O-O 8. Nge2
Rb8 9. O-O b5 10. Qd2 b4 11. Nd1 a5 12. Bh6 Qb6 13. Bxg7 Kxg7 14. Ne3 Ba6 15.
Kh2 Rbc8 16. g4 Rc7 17. g5 Nd7 18. Nd5 Qb8 19. Nxc7 Qxc7 20. f4 c4 21. Rac1 Nc5
22. d4 Na4 23. c3 Rb8 24. Rb1 Qb6 25. f5 bxc3 1-0

[Event "XII C.to Italiano U20"]
[Site "Bratto - Castione della Presolana ITA"]
[Date "2004.08.26"]
[Round "7"]
[White "Gilardi, Davide"]
[Black "Berardi, Alessandro"]
[Result "0-1"]
[WhiteElo "1440"]
[BlackElo "1577"]
[PlyCount "62"]
[EventDate "2004.08.20"]

1. e4 e6 2. d4 d5 3. exd5 exd5 4. Nf3 Nf6 5. c4 c6 6. Nc3 Be6 7. b3 Bb4 8. Bd2
Nbd7 9. c5 O-O 10. a3 Bxc3 11. Bxc3 b6 12. b4 Re8 13. Be2 Rb8 14. O-O Ne4 15.
Bb2 bxc5 16. dxc5 Ndf6 17. Be5 Ra8 18. h3 Nd7 19. Bd4 Rb8 20. Ne5 Qc8 21. Qa4
Nxe5 22. Bxe5 Ra8 23. Ba6 Qd7 24. f3 Nd2 25. Rfd1 Nxf3+ 26. gxf3 Bxh3 27. Bg3
Re3 28. Rd3 Re2 29. Bh2 Qe6 30. Kh1 Qg6 31. Rg1 Bg2+ 0-1

[Event "XII C.to Italiano U20"]
[Site "Bratto - Castione della Presolana ITA"]
[Date "2004.08.26"]
[Round "7"]
[White "Giovannini, Stefano"]
[Black "Campanella, Giovanni"]
[Result "1/2-1/2"]
[WhiteElo "1712"]
[BlackElo "1694"]
[PlyCount "100"]
[EventDate "2004.08.20"]

1. d4 d5 2. c4 e5 3. dxe5 d4 4. Nf3 Nc6 5. g3 Bg4 6. Bg2 Qd7 7. O-O O-O-O 8.
Qb3 f6 9. exf6 gxf6 10. Na3 Bh3 11. Rd1 Bxg2 12. Kxg2 h5 13. Bf4 Bh6 14. Bxh6
Nxh6 15. Nb5 h4 16. Nxh4 Nf5 17. Ng6 Rh6 18. Nf4 Rdh8 19. h4 Qg7 20. Kf1 Rg8
21. Ke1 Re8 22. Qf3 Qd7 23. e4 a6 24. Kf1 Nxh4 25. gxh4 axb5 26. cxb5 Ne5 27.
Qh3 Qxh3+ 28. Nxh3 Rxh4 29. Ng1 Rxe4 30. Rac1 Nf7 31. b6 c6 32. Rc4 Rd8 33. Ne2
Ne5 34. Rcxd4 Rdxd4 35. Rxd4 Rxd4 36. Nxd4 Nc4 37. b3 Nxb6 38. Ke2 Kd7 39. Kd3
Kd6 40. Ke4 Nd5 41. Kf5 b5 42. a4 bxa4 43. bxa4 Kc5 44. Nxc6 Kxc6 45. Ke6 Nc3
46. Kxf6 Nxa4 47. f4 Nc5 48. Ke7 Nd7 49. f5 Kc7 50. f6 Nxf6 1/2-1/2

[Event "XII C.to Italiano U20"]
[Site "Bratto - Castione della Presolana ITA"]
[Date "2004.08.26"]
[Round "7"]
[White "Hellweger, Stefan"]
[Black "Bellemo, Davide"]
[Result "1-0"]
[WhiteElo "1664"]
[BlackElo "1712"]
[PlyCount "55"]
[EventDate "2004.08.20"]

1. e4 e5 2. Nf3 Nc6 3. Bb5 a6 4. Ba4 Nf6 5. Nc3 Bc5 6. d3 d6 7. Bg5 Bg4 8. h3
Bh5 9. g4 Bg6 10. Nd5 h6 11. Nxf6+ gxf6 12. Be3 Bxe3 13. fxe3 d5 14. Nd2 h5 15.
Qf3 d4 16. Bxc6+ bxc6 17. exd4 exd4 18. Rf1 hxg4 19. hxg4 Qd6 20. O-O-O Ke7 21.
Nc4 Qe6 22. Qg3 Rhc8 23. Rf2 c5 24. Rdf1 Qc6 25. Rxf6 Qa4 26. Qe5+ Kd7 27. Qd5+
Ke8 28. Rxg6 1-0